000 01143cam a22003614a 4500
001 13139499
003 OSt
005 20140310184357.0
008 030327s2004 nyu c b 001 0 eng
010 _a 2003007142
020 _a0531122174
020 _a9780531122174
040 _aDLC
_cDLC
_dDLC
042 _apcc
_alcac
050 0 0 _aRC 394.W6
_b.L36 2004
100 1 _aLandau, Elaine.
_925624
245 1 0 _aDyslexia /
_cElaine Landau.
260 _aNew York :
_bFranklin Watts,
_c2004.
300 _a79 p. :
_c21 cm.
440 0 _aLife balance
_925625
500 _aIncludes bibliographical references (p. 71-72) and index.
521 _aG9
526 _c1060
650 0 _aDyslexia
_vJuvenile literature.
_925626
650 1 _aDyslexia.
_925627
856 4 1 _3Table of contents
_uhttp://www.loc.gov/catdir/toc/ecip042/2003007142.html
906 _a7
_bcbc
_corignew
_d1
_eecip
_f20
_gy-gencatlg
942 _2lcc
_cBK-SCHOLAS
999 _c34019
_d34019